000 00541nam a2200181 i 4500
001 101053
003 ES-MaACL
005 20230906182818.0
007 t|
008 051011s1947 sp ||||1| spa d
100 1 _aMaugham, W. Somerset.
_979192
245 1 3 _aEl paso del hombre /
_cW. Somerset Maugham; [traducción del inglés por J. Romero de Tejada].
250 _a[3ª ed.].
260 _aBarcelona :
_bLara,
_c1947.
300 _a195 p. ;
_c19 cm.
700 1 _aRomero de Tejada, J.
_999376
852 _aES-MaACL
_jE-529
_bR.28510
999 _c101053
_d101053